[Event "SWE-chT 1819 Superettan"]
[Site "Sweden"]
[Date "2018.11.11"]
[Round "3"]
[White "Bengtsson, Jonas"]
[Black "Carlsson, Andreas"]
[Result "1-0"]
[WhiteElo "2122"]
[BlackElo "2030"]
[PlyCount "123"]
[EventDate "2018.11.09"]
[EventType "team-tourn"]
[EventRounds "9"]
[EventCountry "SWE"]
[SourceTitle "EXT 2020"]
[Source "ChessBase"]
[SourceDate "2019.10.17"]
[SourceVersion "1"]
[SourceVersionDate "2019.10.17"]
[SourceQuality "1"]
[WhiteTeam "Manhem"]
[BlackTeam "Vasteras II"]
[WhiteTeamCountry "SWE"]
[BlackTeamCountry "SWE"]

1. d4 e6 2. c4 f5 3. g3 Nf6 4. Bg2 d5 5. Nh3 c6 6. Qc2 Bd6 7. 0-0 0-0 8. Bf4 b6 9. Nd2 Bb7 10. Nf3 Qe7 11. Bxd6 Qxd6 12. Nf4 Ne4 13. Ne5 Nd7 14. Nfd3 c5 15. Nxd7 Qxd7 16. dxc5 Rfc8 17. cxd5 Bxd5 18. b4 bxc5 19. bxc5 Qc6 20. Rac1 Rab8 21. Nf4 Rb5 22. Nxd5 exd5 23. Qd3 Rxc5 24. Rxc5 Qxc5 25. e3 Qc4 26. Bxe4 dxe4 27. Qd7 Qc5 28. Rd1 Rf8 29. Qe6+ Kh8 30. Rd7 h6 31. h4 a5 32. Kg2 a4 33. Qd5 Qc3 34. h5 Kh7 35. Ra7 Qf6 36. Rxa4 Rd8 37. Qc5 Rf8 38. Rd4 Rf7 39. a4 Qg5 40. a5 Qg4 41. a6 Qf3+ 42. Kg1 f4 43. gxf4 Qg4+ 44. Kf1 Rf5 45. Rd5 Rf6 46. Rd6 Rf5 47. Qd4 Qh3+ 48. Ke1 Qh1+ 49. Kd2 Qg2 50. Kc3 Rxh5 51. Kb4 Rh1 52. a7 Rb1+ 53. Kc5 Rc1+ 54. Kb6 Rb1+ 55. Kc7 Rc1+ 56. Kb7 Rb1+ 57. Rb6 Rxb6+ 58. Qxb6 h5 59. a8Q h4 60. Qd4 h3 61. Kb8 h2 62. Qaxe4+ 1-0

[Event "SWE Cup rapid"]
[Site "Linkoping"]
[Date "2018.09.07"]
[Round "1.7"]
[White "Sahlstrom, Alex"]
[Black "Bengtsson, Jonas"]
[Result "1/2-1/2"]
[WhiteElo "1645"]
[BlackElo "2107"]
[PlyCount "107"]
[EventDate "2018.09.07"]
[EventType "team-swiss (rapid)"]
[EventRounds "9"]
[EventCountry "SWE"]
[SourceTitle "CBM 186 Extra"]
[Source "ChessBase"]
[SourceDate "2018.08.24"]
[SourceVersion "1"]
[SourceVersionDate "2018.08.24"]
[SourceQuality "1"]
[WhiteTeam "Linkoping"]
[BlackTeam "Manhem"]
[WhiteTeamCountry "SWE"]
[BlackTeamCountry "SWE"]

1. e4 c5 2. Nf3 e6 3. d3 Nc6 4. g3 d5 5. Nbd2 Nf6 6. Bg2 Be7 7. 0-0 0-0 8. e5 Nd7 9. Re1 b5 10. Nf1 a5 11. h4 a4 12. N1h2 f6 13. exf6 gxf6 14. Rxe6 Nde5 15. Nxe5 Nxe5 16. Rxe7 Qxe7 17. Bxd5+ Be6 18. Bxa8 Rxa8 19. f4 Nc6 20. Qf3 Rc8 21. f5 Bf7 22. Bh6 Kh8 23. Be3 Ne5 24. Qf2 Bd5 25. Qe2 Ba8 26. Re1 Qb7 27. Kf1 Qh1+ 28. Bg1 Ng4 29. Qd2 Rg8 30. Re2 Nxh2+ 31. Rxh2 Qf3+ 32. Qf2 Qd1+ 33. Qe1 Qf3+ 34. Qf2 Rxg3 35. Qxf3 Rxf3+ 36. Rf2 Rg3 37. Bh2 Rg4 38. Rf4 Rg2 39. Rf2 Rxf2+ 40. Kxf2 Bd5 41. b3 axb3 42. axb3 Kg7 43. c4 bxc4 44. bxc4 Bc6 45. Bd6 Bd7 46. Bxc5 Bxf5 47. Ke3 Kf7 48. d4 Ke6 49. Kf4 Bd3 50. d5+ Kd7 51. Bd4 Bxc4 52. Bxf6 Bxd5 53. Kg5 Be4 54. Kh5 1/2-1/2

[Event "Gothenburg Manhem Elo"]
[Site "Gothenburg"]
[Date "2017.08.16"]
[Round "7"]
[White "Svensson, Anders1111"]
[Black "Bengtsson, Jonas"]
[Result "1/2-1/2"]
[WhiteElo "1726"]
[BlackElo "2082"]
[PlyCount "102"]
[EventDate "2017.08.12"]
[EventType "tourn"]
[EventRounds "9"]
[EventCountry "SWE"]
[SourceTitle "EXT 2019"]
[Source "ChessBase"]
[SourceDate "2018.10.10"]
[SourceVersion "1"]
[SourceVersionDate "2018.10.10"]
[SourceQuality "1"]

1. e4 c5 2. Nf3 e6 3. d4 cxd4 4. Nxd4 Nf6 5. Nc3 d6 6. Be3 a6 7. Be2 Qc7 8. a4 Nc6 9. 0-0 Be7 10. f4 0-0 11. Kh1 Re8 12. Bf3 Na5 13. Qe1 Nc4 14. b3 Nxe3 15. Qxe3 e5 16. Nde2 Bd7 17. Rad1 b5 18. axb5 axb5 19. Qd3 b4 20. Nd5 Nxd5 21. exd5 Bf6 22. Be4 h6 23. fxe5 Rxe5 24. Ng3 Rae8 25. Rd2 Qc3 26. Rdf2 Qxd3 27. cxd3 R8e7 28. Ra2 Bh4 29. Ra8+ Re8 30. Ra7 R5e7 31. Rb7 Bxg3 32. hxg3 f5 33. Bxf5 Bxf5 34. Rxe7 Rxe7 35. Rxf5 Re1+ 36. Kh2 Rb1 37. Rf4 Rxb3 38. Rc4 Rb1 39. Rc6 b3 40. Rxd6 b2 41. Rb6 h5 42. d6 Kf7 43. Rb7+ Ke6 44. d7 Ke7 45. d4 Kd8 46. g4 h4 47. g5 g6 48. d5 Ke7 49. d6+ Kd8 50. g3 hxg3+ 51. Kg2 Rd1 1/2-1/2

[Event "Gothenburg Manhem Elo"]
[Site "Gothenburg"]
[Date "2017.08.14"]
[Round "4"]
[White "Bengtsson, Jonas"]
[Black "Hattab, Hashim"]
[Result "1-0"]
[WhiteElo "2082"]
[BlackElo "1885"]
[PlyCount "61"]
[EventDate "2017.08.12"]
[EventType "tourn"]
[EventRounds "9"]
[EventCountry "SWE"]
[SourceTitle "EXT 2019"]
[Source "ChessBase"]
[SourceDate "2018.10.10"]
[SourceVersion "1"]
[SourceVersionDate "2018.10.10"]
[SourceQuality "1"]

1. d4 Nf6 2. c4 g6 3. Nc3 Bg7 4. e4 d6 5. Nf3 0-0 6. Be2 e5 7. 0-0 Nc6 8. d5 Ne7 9. b4 Nh5 10. Re1 Nf4 11. Bf1 f5 12. Bxf4 exf4 13. e5 dxe5 14. Nxe5 g5 15. Rc1 a5 16. a3 axb4 17. axb4 Ra6 18. c5 Rh6 19. Bc4 Kh8 20. d6 cxd6 21. Nf7+ Rxf7 22. Bxf7 g4 23. Nd5 Be5 24. cxd6 Nc6 25. Ne7 g3 26. Rxe5 gxf2+ 27. Kxf2 Rxd6 28. Rd5 Qb6+ 29. Kf1 Rh6 30. Rxc6 bxc6 31. Qa1+ 1-0

[Event "SWE Cup"]
[Site "Linkoping"]
[Date "2016.09.10"]
[Round "3.1"]
[White "Bengtsson, Jonas"]
[Black "Berglind, Axel"]
[Result "1-0"]
[WhiteElo "2084"]
[BlackElo "1946"]
[PlyCount "83"]
[EventDate "2016.09.09"]
[EventType "team-k.o."]
[EventRounds "7"]
[EventCountry "SWE"]
[SourceTitle "CBM 174 Extra"]
[Source "ChessBase"]
[SourceDate "2016.10.10"]
[SourceVersion "1"]
[SourceVersionDate "2016.10.10"]
[SourceQuality "1"]
[WhiteTeam "Manhem"]
[BlackTeam "Stockholm Rockaden"]
[WhiteTeamCountry "SWE"]
[BlackTeamCountry "SWE"]

1. d4 d5 2. c4 e6 3. Nc3 Nf6 4. cxd5 exd5 5. Bg5 Be7 6. e3 0-0 7. Bd3 Nbd7 8. Qc2 Re8 9. Nge2 Nf8 10. 0-0 g6 11. Rad1 Ne6 12. Bh4 a6 13. a3 c5 14. dxc5 Nxc5 15. Bxf6 Bxf6 16. Bc4 Bf5 17. Qc1 dxc4 18. Rxd8 Raxd8 19. Rd1 Rd3 20. Rxd3 cxd3 21. Ng3 Rd8 22. Nd1 Na4 23. Nxf5 gxf5 24. Qc7 d2 25. Kf1 Nxb2 26. Nxb2 d1Q+ 27. Nxd1 Rxd1+ 28. Ke2 Ra1 29. Qxb7 Rxa3 30. Qc8+ Kg7 31. Qxf5 a5 32. e4 a4 33. e5 Be7 34. e6 Bf6 35. exf7 Kxf7 36. g4 h6 37. h4 Kg7 38. g5 hxg5 39. h5 Ra2+ 40. Kd3 Ba1 41. Qxg5+ Kh8 42. Qh6+ 1-0

[Event "SWE-chT 1516"]
[Site "Sweden"]
[Date "2016.03.20"]
[Round "9"]
[White "Brustkern, Juergen"]
[Black "Bengtsson, Jonas"]
[Result "1-0"]
[WhiteElo "2198"]
[BlackElo "2136"]
[PlyCount "81"]
[EventDate "2015.11.06"]
[EventType "team-tourn"]
[EventRounds "9"]
[EventCountry "SWE"]
[SourceTitle "EXT 2018"]
[Source "ChessBase"]
[SourceDate "2017.10.13"]
[SourceVersion "1"]
[SourceVersionDate "2017.10.13"]
[SourceQuality "1"]
[WhiteTeam "Vasteras"]
[BlackTeam "Manhem"]
[WhiteTeamCountry "SWE"]
[BlackTeamCountry "SWE"]

1. c4 Nf6 2. Nc3 c5 3. Nf3 e6 4. e3 a6 5. d4 d5 6. dxc5 Bxc5 7. a3 0-0 8. b4 Ba7 9. Bb2 Nc6 10. Qc2 Qe7 11. Rd1 dxc4 12. Bxc4 b5 13. Bd3 Bb7 14. Ne4 h6 15. Nxf6+ gxf6 16. 0-0 Rac8 17. Qe2 Bb8 18. Bb1 f5 19. e4 fxe4 20. Qxe4 f5 21. Qe3 Kh7 22. Rfe1 Rce8 23. Rd2 Qf7 24. Ba2 Nd8 25. Red1 Bc6 26. Ne5 Bxe5 27. Qxe5 Qg6 28. g3 Nf7 29. Qc7 Bf3 30. Re1 Rd8 31. Rxd8 Rxd8 32. Qe7 Rd2 33. Bxe6 Rxb2 34. Bxf7 Qg7 35. Qe3 Be4 36. Bh5 Qd7 37. f3 Bc6 38. Qc5 Kg8 39. Re8+ Qxe8 40. Bxe8 Bxe8 41. Qxf5 1-0

[Event "Gothenburg Manhem"]
[Site "Gothenburg"]
[Date "2014.08.15"]
[Round "9"]
[White "Lindgren, Philip"]
[Black "Bengtsson, Jonas"]
[Result "1-0"]
[WhiteElo "2317"]
[BlackElo "2087"]
[PlyCount "126"]
[EventDate "2014.08.09"]
[EventType "tourn"]
[EventRounds "9"]
[EventCountry "SWE"]
[EventCategory "3"]
[SourceTitle "CBM 161 Extra"]
[Source "ChessBase"]
[SourceDate "2014.08.29"]
[SourceVersion "1"]
[SourceVersionDate "2014.08.29"]
[SourceQuality "1"]

1. d4 Nf6 2. c4 e6 3. Nf3 b6 4. g3 Ba6 5. Qc2 c5 6. d5 exd5 7. cxd5 d6 8. Bg2 g6 9. 0-0 Bg7 10. Re1 0-0 11. e4 Re8 12. Bf4 Nh5 13. Bg5 Bf6 14. Be3 Bg7 15. Bg5 Bf6 16. Bd2 Bg7 17. Nc3 b5 18. g4 Nf6 19. e5 Nxg4 20. exd6 Rxe1+ 21. Rxe1 Nd7 22. Ne4 Bb7 23. Nxc5 Bxd5 24. Bg5 Bf6 25. Qd2 Bxf3 26. Bxf6 Ngxf6 27. Nxd7 Qxd7 28. Bxf3 Rd8 29. Rd1 Ne8 30. Qg5 Nxd6 31. h4 Re8 32. Qc5 Qf5 33. Qxf5 Nxf5 34. h5 Kg7 35. hxg6 fxg6 36. Bc6 Re7 37. Bxb5 h5 38. Kg2 Kf6 39. a4 Rc7 40. b4 Ke5 41. Be8 Rc4 42. Rb1 Nd6 43. Bd7 Rc7 44. Re1+ Kf4 45. Bh3 g5 46. Kg1 g4 47. Bg2 h4 48. Rb1 h3 49. Bd5 Ne4 50. b5 Rc5 51. Bxe4 Kxe4 52. a5 Kf3 53. Rb3+ Ke2 54. Rb2+ Kf3 55. Kh2 Re5 56. b6 axb6 57. axb6 Re8 58. b7 Rb8 59. Kg1 Kf4 60. Rb4+ Kf3 61. Kf1 h2 62. Rb3+ Kf4 63. Kg2 Rh8 1-0

[Event "SWE-chT2 1314"]
[Site "Sweden"]
[Date "2014.01.17"]
[Round "6"]
[White "Bengtsson, Jonas"]
[Black "Holst, Conny"]
[Result "1/2-1/2"]
[WhiteElo "2096"]
[BlackElo "2160"]
[PlyCount "85"]
[EventDate "2013.11.22"]
[EventType "team-tourn"]
[EventRounds "9"]
[EventCountry "SWE"]
[SourceTitle "EXT 2015"]
[Source "ChessBase"]
[SourceDate "2014.11.20"]
[SourceVersion "1"]
[SourceVersionDate "2014.11.20"]
[SourceQuality "1"]
[WhiteTeam "Manhem II"]
[BlackTeam "Limhamn II"]
[WhiteTeamCountry "SWE"]
[BlackTeamCountry "SWE"]

1. d4 d6 2. Nf3 Nf6 3. c4 g6 4. Nc3 Bg7 5. e4 0-0 6. Be2 c5 7. 0-0 cxd4 8. Nxd4 Nc6 9. Be3 Bd7 10. Qd2 Nxd4 11. Bxd4 Qa5 12. Bd3 Rfc8 13. a3 a6 14. b4 Qd8 15. Rac1 Be6 16. Qe2 Nd7 17. Bxg7 Kxg7 18. Nd5 Ne5 19. f4 Bxd5 20. exd5 Nxd3 21. Qxd3 Qb6+ 22. c5 dxc5 23. bxc5 Qf6 24. Rc4 Rc7 25. Rfc1 Rac8 26. Qe4 Qf5 27. Qe5+ f6 28. Qxf5 gxf5 29. Kf2 Rd7 30. c6 bxc6 31. dxc6 Rd6 32. c7 Kf7 33. R1c3 Rd7 34. Rc6 Ke8 35. Rxa6 Rcxc7 36. Ra8+ Kf7 37. Rxc7 Rxc7 38. a4 Rc2+ 39. Kg3 Ra2 40. a5 Ra3+ 41. Kh4 Ra2 42. Kh3 Ra3+ 43. Kh4 1/2-1/2

[Event "Gothenburg Elo"]
[Site "Gothenburg"]
[Date "2011.08.21"]
[Round "10"]
[White "Berggren Torell, Harald"]
[Black "Bengtsson, Jonas"]
[Result "0-1"]
[WhiteElo "1972"]
[BlackElo "2027"]
[PlyCount "80"]
[EventDate "2011.08.13"]
[EventType "tourn"]
[EventRounds "10"]
[EventCountry "SWE"]
[SourceTitle "CBM 144 Extra"]
[Source "ChessBase"]
[SourceDate "2011.10.28"]
[SourceVersion "1"]
[SourceVersionDate "2011.10.28"]
[SourceQuality "1"]

1. f4 g6 2. Nf3 Bg7 3. g3 b6 4. Bg2 Bb7 5. 0-0 e6 6. c3 Ne7 7. Qc2 0-0 8. e4 d5 9. e5 c5 10. d4 cxd4 11. cxd4 Nbc6 12. Be3 Ba6 13. Rd1 Rc8 14. Qd2 Qd7 15. Na3 f6 16. exf6 Bxf6 17. Bf2 Bg7 18. Re1 Nf5 19. Nc2 Nd6 20. Ng5 Rfe8 21. Bh3 Nf5 22. Rad1 Nd8 23. b3 Nf7 24. Nxf7 Qxf7 25. Nb4 Bb5 26. a4 Bd7 27. Bf1 a5 28. Na2 Rc7 29. Rc1 Rec8 30. Rxc7 Rxc7 31. Nc3 Qf6 32. Rd1 Nxd4 33. Bxd4 Qxd4+ 34. Qxd4 Bxd4+ 35. Rxd4 Rxc3 36. Rd3 Rxd3 37. Bxd3 Kf7 38. Kf2 e5 39. Ke3 Kf6 40. h4 Bf5 0-1

[Event "Gothenburg Elo"]
[Site "Gothenburg"]
[Date "2011.08.17"]
[Round "6"]
[White "Bengtsson, Jonas"]
[Black "Segerberg, Tomas Olof"]
[Result "1-0"]
[WhiteElo "2027"]
[BlackElo "1978"]
[PlyCount "107"]
[EventDate "2011.08.13"]
[EventType "tourn"]
[EventRounds "10"]
[EventCountry "SWE"]
[SourceTitle "CBM 144 Extra"]
[Source "ChessBase"]
[SourceDate "2011.10.28"]
[SourceVersion "1"]
[SourceVersionDate "2011.10.28"]
[SourceQuality "1"]

1. d4 e6 2. c4 Nf6 3. Nc3 Bb4 4. e3 b6 5. Bd3 Bb7 6. Nf3 Ne4 7. 0-0 Bxc3 8. bxc3 d6 9. Ne1 0-0 10. f3 Nf6 11. e4 e5 12. Bg5 Nbd7 13. Nc2 c5 14. d5 Qc7 15. Ne3 Rfe8 16. Nf5 g6 17. Ng3 Kg7 18. Qd2 Ng8 19. Rae1 f6 20. Be3 Rf8 21. h4 h6 22. Bc2 Ba6 23. Qd3 b5 24. cxb5 c4 25. Qd2 Bxb5 26. Rb1 Ba6 27. Ba4 Nc5 28. Bc6 Rab8 29. Bxc5 dxc5 30. Qe3 h5 31. Qxc5 Ne7 32. Qa3 Nxc6 33. Qxa6 Rxb1 34. Rxb1 Nd8 35. Rb5 Nf7 36. Qb7 Qd6 37. Qxa7 Qd8 38. Rb7 f5 39. exf5 Qxh4 40. Qf2 g5 41. Ne4 Qf4 42. Qd2 Qxd2 43. Nxd2 g4 44. fxg4 hxg4 45. Ne4 Kh6 46. d6 Kh5 47. Rxf7 Rxf7 48. d7 Rf8 49. Nf6+ Kh4 50. Ne8 Rxf5 51. d8Q+ Kg3 52. Qd2 e4 53. Nd6 Rf4 54. Qe1+ 1-0